[Event "Novokuznetsk-ch"]
[Site "Novokuznetsk"]
[Date "2012.12.15"]
[Round "8"]
[White "Oschepkov, Dmitri"]
[Black "Storchak, Vitalij"]
[Result "0-1"]
[WhiteElo "2058"]
[BlackElo "2087"]
[PlyCount "52"]
[EventDate "2012.11.18"]
[EventType "swiss"]
[EventRounds "9"]
[EventCountry "RUS"]
[SourceTitle "EXT 2014"]
[Source "ChessBase"]
[SourceDate "2013.11.20"]
[SourceVersion "1"]
[SourceVersionDate "2013.11.20"]
[SourceQuality "1"]

1. e4 d6 2. d4 a6 3. f4 e6 4. Nf3 c5 5. c3 Nd7 6. Bd3 Qc7 7. 0-0 b6 8. Nbd2 Bb7 9. g4 Ne7 10. Qe2 b5 11. a3 g6 12. f5 gxf5 13. gxf5 e5 14. b4 c4 15. Bc2 Bh6 16. Nh4 Nf6 17. Ndf3 Bxc1 18. Rfxc1 Rg8+ 19. Kf1 0-0-0 20. Kf2 d5 21. Nxe5 dxe4 22. Rg1 Ned5 23. Qe1 Nf4 24. Ke3 N6d5+ 25. Kd2 e3+ 26. Kd1 Nxc3+ 0-1

[Event "Novokuznetsk-ch"]
[Site "Novokuznetsk"]
[Date "2011.??.??"]
[Round "7"]
[White "Kuzmichev, Alexander"]
[Black "Oschepkov, Dmitri"]
[Result "1-0"]
[WhiteElo "2031"]
[BlackElo "2087"]
[PlyCount "39"]
[EventDate "2011.11.19"]
[EventType "swiss"]
[EventRounds "9"]
[EventCountry "RUS"]
[SourceTitle "EXT 2013"]
[Source "ChessBase"]
[SourceDate "2012.11.22"]
[SourceVersion "1"]
[SourceVersionDate "2012.11.22"]
[SourceQuality "1"]

1. e4 e5 2. Nf3 Nc6 3. d4 exd4 4. Bc4 Nf6 5. 0-0 Nxe4 6. Re1 d5 7. Bxd5 Qxd5 8. Nc3 Qh5 9. Nxe4 Be6 10. Bg5 h6 11. Bf6 Qa5 12. Nxd4 gxf6 13. Nxe6 fxe6 14. Nxf6+ Kf7 15. Qd7+ Kxf6 16. Rxe6+ Kg5 17. f4+ Kxf4 18. Rf1+ Kg5 19. Rg6+ Kh5 20. Qg4# 1-0

[Event "Novokuznetsk-ch op"]
[Site "Novokuznetsk"]
[Date "2010.12.12"]
[Round "9"]
[White "Seslavin, Maxim"]
[Black "Oschepkov, Dmitri"]
[Result "1-0"]
[WhiteElo "2041"]
[BlackElo "2108"]
[PlyCount "101"]
[EventDate "2010.11.14"]
[EventType "swiss"]
[EventRounds "9"]
[EventCountry "RUS"]
[SourceTitle "EXT 2022"]
[Source "ChessBase"]
[SourceDate "2021.10.06"]
[SourceVersion "1"]
[SourceVersionDate "2021.10.06"]
[SourceQuality "1"]

1. d4 b6 2. Nf3 Bb7 3. Nbd2 Nf6 4. e3 e6 5. b3 c5 6. Bb2 d5 7. Ne5 Be7 8. dxc5 bxc5 9. Bb5+ Nfd7 10. Qg4 Bf6 11. Nxd7 Nxd7 12. Bxf6 Qxf6 13. Bxd7+ Kxd7 14. 0-0 Rhd8 15. Qa4+ Bc6 16. Qa5 Qe7 17. c4 Ke8 18. cxd5 Rxd5 19. Nc4 Rad8 20. e4 Rd4 21. e5 Kf8 22. f3 Kg8 23. Nd6 Rd5 24. Rad1 f6 25. Rxd5 exd5 26. Nf5 Qf8 27. e6 Re8 28. e7 Rxe7 29. Nxe7+ Qxe7 30. Re1 Qd6 31. Qxa7 Bd7 32. Rc1 c4 33. Qd4 cxb3 34. axb3 Kf7 35. Qc5 Qe5 36. Rd1 Be6 37. Qd4 Qe2 38. Qd3 Qe5 39. b4 Qb8 40. Qd4 Qb5 41. Kh1 h5 42. Ra1 Qa6 43. Qc5 h4 44. b5 Qa5 45. Qe3 Bd7 46. b6 Qb5 47. h3 Bc6 48. Qe6+ Kg6 49. Rc1 Bd7 50. Qe3 Bc6 51. Qc5 1-0

[Event "Novokuznetsk-ch op"]
[Site "Novokuznetsk"]
[Date "2010.12.05"]
[Round "7"]
[White "Sozin, Stepan"]
[Black "Oschepkov, Dmitri"]
[Result "1-0"]
[WhiteElo "2030"]
[BlackElo "2108"]
[PlyCount "87"]
[EventDate "2010.11.14"]
[EventType "swiss"]
[EventRounds "9"]
[EventCountry "RUS"]
[SourceTitle "EXT 2022"]
[Source "ChessBase"]
[SourceDate "2021.10.06"]
[SourceVersion "1"]
[SourceVersionDate "2021.10.06"]
[SourceQuality "1"]

1. e4 b6 2. d4 e6 3. Nf3 Bb7 4. Bd3 Nf6 5. Qe2 d6 6. c3 Nbd7 7. h3 a6 8. Bf4 Nh5 9. Bh2 g6 10. Nbd2 Bh6 11. Bc2 Qe7 12. 0-0-0 e5 13. Kb1 Nf4 14. Qe3 g5 15. g4 Rg8 16. dxe5 dxe5 17. Nf1 0-0-0 18. Ng3 Qf6 19. Nf5 Bf8 20. Bxf4 gxf4 21. Qe2 h6 22. Rhg1 Qc6 23. g5 Re8 24. gxh6 Rxg1 25. Rxg1 Bxh6 26. Rg8 Bf8 27. h4 Kb8 28. h5 Nf6 29. Rg1 Nxh5 30. Nxe5 Qe6 31. Qxh5 Qxe5 32. f3 Bc5 33. Rd1 f6 34. Bb3 Rf8 35. Qh6 Qe8 36. Qxf4 Rh8 37. Ng7 Qe7 38. Nf5 Qe8 39. a3 Rh7 40. Rd2 Rh1+ 41. Kc2 Bc8 42. Nd4 Bb7 43. Rg2 Qh8 44. Rg8+ 1-0

[Event "Novokuznetsk-ch op"]
[Site "Novokuznetsk"]
[Date "2009.11.25"]
[Round "3"]
[White "Oschepkov, Dmitri"]
[Black "Shukan, Alexander"]
[Result "1-0"]
[WhiteElo "2115"]
[BlackElo "2209"]
[PlyCount "121"]
[EventDate "2009.11.21"]
[EventType "swiss"]
[EventRounds "9"]
[EventCountry "RUS"]
[SourceTitle "EXT 2011"]
[Source "ChessBase"]
[SourceDate "2010.11.26"]
[SourceVersion "1"]
[SourceVersionDate "2010.11.26"]
[SourceQuality "1"]

1. c4 e5 2. Nc3 Nc6 3. g3 d6 4. Bg2 Be6 5. b3 Qd7 6. Bb2 g6 7. Nd5 Nd8 8. f4 c6 9. fxe5 cxd5 10. cxd5 dxe5 11. dxe6 Qxe6 12. Rc1 Bg7 13. Qc2 Ne7 14. Qc4 Rb8 15. Nf3 Qxc4 16. bxc4 Nec6 17. 0-0 Ne6 18. Ba3 e4 19. Nh4 f5 20. g4 Ned4 21. e3 Ne2+ 22. Kh1 Nxc1 23. Bxc1 Bf6 24. Nxf5 gxf5 25. Rxf5 0-0 26. Bxe4 Bg7 27. Ba3 Rxf5 28. gxf5 Re8 29. Bd5+ Kh8 30. Kg2 Ne5 31. Be6 Nd3 32. Kf3 Bf8 33. Bxf8 Rxf8 34. Ke4 Nc5+ 35. Ke5 Nxe6 36. fxe6 Kg7 37. e7 Ra8 38. Ke6 a6 39. c5 Rb8 40. d4 b5 41. c6 a5 42. d5 b4 43. d6 a4 44. c7 Ra8 45. Kd7 b3 46. axb3 axb3 47. e8Q Rxe8 48. Kxe8 b2 49. c8Q b1Q 50. Qg4+ Kf6 51. d7 Qb5 52. Qh4+ Kg6 53. Qe7 Kh6 54. Qf6+ Kh5 55. e4 Qa4 56. e5 h6 57. e6 Qc6 58. Qf5+ Kh4 59. Kf7 Qd6 60. e7 h5 61. Qf6+ 1-0

[Event "Novokuznetsk-ch op"]
[Site "Novokuznetsk"]
[Date "2009.11.22"]
[Round "2"]
[White "Oschepkov, Dmitri"]
[Black "Vorobyova, Alyona"]
[Result "1-0"]
[WhiteElo "2115"]
[BlackElo "1918"]
[PlyCount "89"]
[EventDate "2009.11.21"]
[EventType "swiss"]
[EventRounds "9"]
[EventCountry "RUS"]
[SourceTitle "EXT 2011"]
[Source "ChessBase"]
[SourceDate "2010.11.26"]
[SourceVersion "1"]
[SourceVersionDate "2010.11.26"]
[SourceQuality "1"]

1. e4 c5 2. Nf3 a6 3. c4 e6 4. d4 cxd4 5. Nxd4 Nf6 6. Bd3 d5 7. cxd5 exd5 8. e5 Ne4 9. 0-0 Bc5 10. Nf3 0-0 11. Nbd2 Nxd2 12. Qxd2 Be7 13. b3 Nc6 14. Bb2 Be6 15. Rac1 Bg4 16. Qf4 Be6 17. Rfe1 Rc8 18. h3 b5 19. Qg3 h6 20. Bb1 Bb4 21. Red1 Qe7 22. Nd4 Nxd4 23. Bxd4 Qd7 24. Be3 f5 25. exf6 Rxf6 26. Rxc8+ Qxc8 27. Rc1 Qd7 28. Rc7 Bd6 29. Rxd7 Bxg3 30. Rd8+ Kf7 31. fxg3 Ke7 32. Ra8 Bd7 33. Ra7 Kd8 34. b4 Rc6 35. Bc5 d4 36. Ra8+ Kc7 37. Kf2 Rf6+ 38. Ke2 Bc6 39. Ra7+ Kc8 40. Bxd4 Rd6 41. Bf5+ Kd8 42. Bxg7 Bxg2 43. Bf8 Rb6 44. Bc5 Rc6 45. Be7+ 1-0

[Event "Novokuznetsk-ch op"]
[Site "Novokuznetsk"]
[Date "2007.11.24"]
[Round "9"]
[White "Alimov, Alexander"]
[Black "Oschepkov, Dmitri"]
[Result "1-0"]
[WhiteElo "2049"]
[BlackElo "2137"]
[PlyCount "65"]
[EventDate "2007.11.24"]
[EventType "swiss"]
[EventRounds "9"]
[EventCountry "RUS"]
[SourceTitle "EXT 2022"]
[Source "ChessBase"]
[SourceDate "2021.10.06"]
[SourceVersion "1"]
[SourceVersionDate "2021.10.06"]
[SourceQuality "1"]

1. d4 Nf6 2. c4 e6 3. Nf3 b6 4. a3 Be7 5. Nc3 0-0 6. e4 c6 7. Bd3 Ne8 8. Qc2 d6 9. 0-0 Nd7 10. e5 f5 11. exf6 Ndxf6 12. Bg5 h6 13. Bh4 Nh5 14. Bg3 Nf4 15. Bxf4 Rxf4 16. Ne2 Rf8 17. Rad1 Bb7 18. Nc3 a6 19. Rfe1 c5 20. d5 exd5 21. Nxd5 Bxd5 22. cxd5 Bf6 23. Qe2 g5 24. Qe6+ Kh8 25. Qf5 Ra7 26. Qg6 Bxb2 27. Qxh6+ Kg8 28. Nxg5 Qf6 29. Bh7+ Kh8 30. Bg6+ Kg8 31. Qh5 Rg7 32. Bh7+ Kh8 33. Bf5+ 1-0